MARC

LEADER 00000nam0a2200000 4500
001 187968
005 20231101224113.0
035 |a (RuTPU)RU\TPU\book\204022 
090 |a 187968 
100 |a 20101127d1977 m y0rusy50 ca 
101 0 |a rus 
102 |a RU 
105 |a a j 001zy 
200 1 |a Аккумулятор знаний по химии  |e пер. с нем.  |e учебное пособие для средней школы  |f К. Зоммер 
210 |a Москва  |c Мир  |d 1977 
215 |a 294 с.  |c ил. 
320 |a Предметный указатель: с. 281-294. 
606 1 |a Химия  |2 stltpush  |3 (RuTPU)RU\TPU\subj\17362  |9 43035 
610 1 |a понятия 
610 1 |a вещество 
610 1 |a периодическая система элементов 
610 1 |a химические реакции 
610 1 |a химические расчеты 
610 1 |a элементы 
610 1 |a неорганические соединения 
610 1 |a органические соединения 
610 1 |a высокомолекулярные соединения 
610 1 |a химические элементы 
610 1 |a техническая химия 
610 1 |a учебные пособия 
610 1 |a строение 
675 |a 54(075.32)  |v 3 
700 1 |a Зоммер  |b К. 
801 1 |a RU  |b 63413507  |c 20101127 
801 2 |a RU  |b 63413507  |c 20161005  |g RCR 
942 |c BK